000 00862nam a22002415i 4500
001 152907
003 ES-MaACL
005 20250730204404.0
008 051018s1889 sp | |||||||| ||spa d
040 _aCAM
_bspa
_cCAM
100 1 _aByron, George Gordon Byron,
_cBaron,
_d1788-1824
_933026
245 1 0 _aCaĆ­n /
_cLord Byron.
260 _aBarcelona :
_b[s.n.],
_c1889 (
_fImp. de Pons)
300 _a191 p. ;
_c15 cm.
490 1 _aBiblioteca del Siglo XIX
490 1 _aTesoro de autores ilustres
505 8 _aManfredo : p. 110-191
700 1 _aByron, George Gordon Byron,
_cBaron,
_d1788-1824
_933026
830 0 _aBiblioteca del Siglo XIX
_9184061
830 0 0 _aTesoro de autores ilustres
_9188006
852 _aES-MaACL
_jT-611-F-3
_z-- Enc. hol., conservando la cub. original
_z-- Enc. en un vol. facticio
999 _c152907
_d152907